000 00669nam a2200277Ia 4500
005 20260324131948.0
008 008 260324s9999 xx 000 0 eng d
020 _a9781003021704
037 _aEBOOK
040 _aCRL
040 _beng
040 _cCRL
041 _2eng
041 _aeng
084 _qCRL
100 _aBen Baarda; De Goede Martijn; Cor van Dijkum
_91187510
245 0 _aIntroduction to Statistics with SPSS
260 _bTaylor and Francis
260 _c2005
365 _a
365 _b300
856 _uhttp://www.taylorfrancis.com/books/9781003021704
942 _cEBOOK
999 _c1785134
_d1785134